Второй подарок критику за статью, помещенную в 6 № журнала: Сын Отечества, 1827 года, на книгу [Я. В. Толмачева]: Военное красноречие (Запись № 5178717)

Подробности
000 -МАРКЕР
контрольное поле 05449nam0a22004691 4500
001 - ИДЕНТИФИКАТОР ЗАПИСИ
контрольное поле v19\rc\1189657
005 - ИДЕНТИФИКАТОР ВЕРСИИ
контрольное поле 20260407113031.0
035 ## - ДРУГИЕ СИСТЕМНЫЕ НОМЕРА
Идентификатор записи (NLR Aleph) 005187457
100 ## - ДАННЫЕ ОБЩЕЙ ОБРАБОТКИ
Данные общей обработки 20051201d1827 |||y0rusy50 ca
101 0# - ЯЗЫК РЕСУРСА
Язык текста, звукозаписи и т.д. русский
102 ## - СТРАНА ПУБЛИКАЦИИ ИЛИ ПРОИЗВОДСТВА
Страна публикации российская федерация
135 ## - ПОЛЕ КОДИРОВАННЫХ ДАННЫХ: ЭЛЕКТРОННЫЕ РЕСУРСЫ
Кодированные данные для электронного ресурса crcn 024anaba
140 ## - ПОЛЕ КОДИРОВАННЫХ ДАННЫХ: СТАРОПЕЧАТНЫЕ ИЗДАНИЯ - ОБЩАЯ ИНФОРМАЦИЯ
Кодированные данные о старопечатном издании - Основные y y ia yaa0000
200 1# - ЗАГЛАВИЕ И СВЕДЕНИЯ ОБ ОТВЕТСТВЕННОСТИ
Основное заглавие Второй подарок критику за статью, помещенную в 6 № журнала: Сын Отечества, 1827 года, на книгу [Я. В. Толмачева]: Военное красноречие
210 ## - ПУБЛИКАЦИЯ, РАСПРОСТРАНЕНИЕ И ДР.
Место издания, распространения и т.д. Санктпетербург
Имя издателя, распространителя и т. д. в типографии Медицинскаго департамента Министерства внутренних дел
Дата издания, распространения и т.д. 1827
215 ## - ФИЗИЧЕСКАЯ ХАРАКТЕРИСТИКА
Специфическое обозначение материала и объем 25, [1] с.
Размеры
300 ## - ОБЩИЕ ПРИМЕЧАНИЯ
Текст примечания Авт. в кн. не указан; установлен по изд.: Рус. аноним. и подпис. псевд. произведения печати, 1801-1926. Л., 1977. Вып. 1. С. 45
300 ## - ОБЩИЕ ПРИМЕЧАНИЯ
Текст примечания Ценз.: И. Я. Ветринский, 8 июня 1827 г.
300 ## - ОБЩИЕ ПРИМЕЧАНИЯ
Текст примечания Предположительно, кн. изд. вместе с др. кн. Я. В. Толмачева: "Третий подарок г. издателю журнала: Сын Отечества за статью, помещенную им в № 61 Северной пчелы на Первый подарок критику" (СПб., 1827). Обе кн. содержат одинаковые цензурные разрешения. В "Третьем подарке" сигнатура продолжается
316 ## - ПРИМЕЧАНИЯ ОБ ОСОБЕННОСТЯХ ЭКЗЕМПЛЯРА
Текст примечания Экз. РНБ (18.50.6.32) является частью владельч. конволюта. Припл. к: Толмачев Я.В. Подарок критику за статью, помещенную в 5 № журнала: Сын Отечества, 1827 года, содержащую подделки, утайки и другие метаморфозы текста книги [Я. В. Толмачева]: Военное красноречие (СПб., 1827). Размер: 21,0х13,5х1,3 см
Организация и экземпляр, к которому относится поле NLR: 18.50.6.32
321 1# - ПРИМЕЧАНИЯ ОБ ОТДЕЛЬНО ИЗДАННЫХ УКАЗАТЕЛЯХ / РЕФЕРАТАХ / ССЫЛКАХ, ОТРАЖАЮЩИХ КАТАЛОГИЗИРУЕМЫЙ ДОКУМЕНТ
Примечания об указателях, рефератах, ссылках Смирд. 6565
325 ## - ПРИМЕЧАНИЕ О КОПИИ
Текст примечания Копия доступна в Электрон. б-ке РНБ
423 #0 - ИЗДАЕТСЯ В ОДНОЙ ОБЛОЖКЕ ВМЕСТЕ С ...
Встроенное поле 001v19\rc\1189659
-- 2001#$aТретий подарок г. издателю журнала: Сын Отечества за статью, помещенную им в № 61 Северной пчелы на Первый подарок критику
-- 210##$aСанктпетербург$cв типографии Медицинскаго департамента Министерства внутренних дел$d1827
Системный номер (АБИС) связанной записи 3325652
Автор Толмачев, Я. В. (1780-1873)
Место публикации Санктпетербург
Дата публикации 1827
Имя издателя, распространителя и т.д. в типографии Медицинскаго департамента Министерства внутренних дел
Физическая характеристика [4], 18, 3, [5] с.
Заглавие Третий подарок г. издателю журнала: Сын Отечества за статью, помещенную им в № 61 Северной пчелы на Первый подарок критику
URL https://vivaldi.nlr.ru/bx000027678/view
482 #0 - ПРИПЛЕТЕНО К
Встроенное поле 001v19\rc\1189658
-- 2001#$aПодарок критику за статью, помещенную в 5 № журнала: Сын Отечества, 1827 года, содержащую подделки, утайки и другие метаморфозы текста книги [Я. В. Толмачева]: Военное красноречие
-- 210##$aСанктпетербург$cв типографии Медицинскаго департамента Министерства внутренних дел$d1827
Системный номер (АБИС) связанной записи 5178727
Автор Толмачев, Я. В. (1780-1873)
Место публикации Санктпетербург
Дата публикации 1827
Имя издателя, распространителя и т.д. в типографии Медицинскаго департамента Министерства внутренних дел
Физическая характеристика [2], 72 с.
Заглавие Подарок критику за статью, помещенную в 5 № журнала: Сын Отечества, 1827 года, содержащую подделки, утайки и другие метаморфозы текста книги [Я. В. Толмачева]: Военное красноречие
620 ## - МЕСТО И ДАТА ПУБЛИКАЦИИ, ИСПОЛНЕНИЯ И Т. Д.
Город Санкт-Петербург
700 #1 - ИМЯ ЛИЦА - ПЕРВИЧНАЯ ОТВЕТСТВЕННОСТЬ
Начальный элемент ввода Толмачев
Часть имени, кроме начального элемента ввода Я. В.
Даты 1780-1873
Расширение инициалов личного имени Яков Васильевич
702 #1 - ИМЯ ЛИЦА - ВТОРИЧНАЯ ОТВЕТСТВЕННОСТЬ
Код отношения Цензор
Графика поля Кириллица
Материалы, к которым относится поле rus
Начальный элемент ввода Ветринский
Часть имени, кроме начального элемента ввода И. Я.
Даты 1787-1849
Расширение инициалов личного имени Иродион Яковлевич
Системный номер авторитетной/нормативной записи 260871
Идентификатор авторитетной/нормативной записи RU\NLR\AUTH\770260927
712 01 - НАИМЕНОВАНИЕ ОРГАНИЗАЦИИ - ВТОРИЧНАЯ ОТВЕТСТВЕННОСТЬ
Код отношения Печатник (типограф)
Начальный элемент ввода Россия
Структурное подразделение Министерство внутренних дел
-- Медицинская типография
Идентификатор авторитетной/нормативной записи RU\NLR\AUTH\889942197
Системный номер авторитетной/нормативной записи 379251
801 #0 - ИСТОЧНИК ЗАПИСИ
Страна российская федерация
Организация NLR
Дата составления 20051201
Правила каталогизации psbo
801 #0 - ИСТОЧНИК ЗАПИСИ
Страна российская федерация
Организация RuMoRGB
Дата составления 20051201
Источник данных psbo
801 #1 - ИСТОЧНИК ЗАПИСИ
Страна российская федерация
Организация ProSoft-M
Дата составления 20051201
Источник данных rusmarc
801 #2 - ИСТОЧНИК ЗАПИСИ
Страна российская федерация
Организация NLR
Дата составления 20051213
Источник данных rusmarc
852 ## - МЕСТОНАХОЖДЕНИЕ И ШИФР ХРАНЕНИЯ
Идентификатор организации NLR
Шифр хранения (Call Number) 18.50.6.32
942 ## - ДОПОЛНИТЕЛЬНЫЕ ЭЛЕМЕНТЫ ЗАПИСИ (АБИС)
Тип экземпляра АБИС Книга
980 ## - КОЛЛЕКЦИЯ
Название коллекции Национальная библиография
981 33 - КОЛЛЕКЦИЯ ЭЛЕКТРОННОЙ БИБЛИОТЕКИ
Название коллекции Художественная литература
Название подколлекции 1. Отечественная литература
981 20 - КОЛЛЕКЦИЯ ЭЛЕКТРОННОЙ БИБЛИОТЕКИ
Название коллекции Книжные памятники РНБ
Название подколлекции Русский книжный фонд
Экземпляры
Тип экземпляра Дата поступления Библиотека постоянного хранения Библиотека текущего хранения Место хранения Шифр хранения Штрих-код Статус не для выдачи
Книга 26.10.2013 РНБ (Садовая) РНБ (Садовая) Русский книжный фонд -Главное здание, Ленинский читальный зал 18.50.6.32 5187457-10